• 首页
  • 本馆介绍
  • 公告通知
  • 最新文献
  • 馆藏检索
  • 电子资源
  • 读者导购
  • 参考咨询
  • 我的图书馆
  • 登录
  • 详细信息显示
  • 放入我的书架
  • 预约/预借图书
  • 作者相关作品
  • 分类相关作品
  • 丛书相关作品
  • 出版社相关作品

书目信息

  • 表格格式
  • 工作单格式
  • 卡片格式
题名:
马克思家庭思想研究
    
 
作者: 钟路, 著
分册:  
出版信息: 北京   光明日报出版社  2022.03
页数: 245页
开本: 24cm
丛书名: 马克思主义研究文库
单 册:
中图分类: A811 , B823.1
科图分类:
主题词: 马恩著作研究--ma en zhu zuo yan jiu--家庭道德--伦理思想--研究
电子资源:
ISBN: 978-7-5194-6305-2
000 01489nam 2200301 450
001 CAL 0120227378281
005 20230308143222.0
010    @a978-7-5194-6305-2@b精装@dCNY95.00
100    @a20220526d2022 em y0chiy0120 ea
101 0  @achi
102    @aCN@b110000
105    @ay a 000yy
106    @ar
200 1  @a马克思家庭思想研究@Ama ke si jia ting si xiang yan jiu@f钟路著
210    @a北京@c光明日报出版社@d2022.03
215    @a245页@d24cm
225 2  @a马克思主义研究文库@Ama ke si zhu yi yan jiu wen ku
300    @a对外经济贸易大学中央高校基本科研业务费专项资金资助 北京高校中国特色社会主义理论研究协同创新中心 (对外经济贸易大学) 阶段性成果
314    @a钟路, 女, 1990年8月生, 湖南人。中国人民大学博士, 美国普林斯顿大学访问学者。现为对外经济贸易大学马克思主义学院讲师, 主要从事马克思主义家庭思想研究。
320    @a有书目 (第226-245页)
330    @a本书结合文本充分挖掘了马克思主义的家庭思想形成脉络, 全面、系统地展现了以往人们重视不够的关于马克思主义的家庭理论。全面追溯马克思对婚姻家庭的研究理路, 深度挖掘马克思关于家庭关系、家庭角色定位、家庭历史演变等问题的阐述, 充分探讨各流派对马克思家庭思想的争论, 理性总结马克思家庭思想对马克思主义理论的研究价值以及当代中国家庭建设的现实意义。
410  0 @12001 @a马克思主义研究文库
606 0  @a马恩著作研究@Ama en zhu zuo yan jiu@x家庭道德@x伦理思想@x研究
690    @aA811@v5
690    @aB823.1@v5
701  0 @a钟路,@Azhong lu@f1990-@4著
801  0 @aCN@bBJXHXP@c20230308
905    @b1403275-9@dA811@e484@f5
    
    马克思家庭思想研究/钟路著.-北京:光明日报出版社,2022.03
    245页;24cm.-(马克思主义研究文库)
    对外经济贸易大学中央高校基本科研业务费专项资金资助 北京高校中国特色社会主义理论研究协同创新中心 (对外经济贸易大学) 阶段性成果
    
    ISBN 978-7-5194-6305-2(精装):CNY95.00
    本书结合文本充分挖掘了马克思主义的家庭思想形成脉络, 全面、系统地展现了以往人们重视不够的关于马克思主义的家庭理论。全面追溯马克思对婚姻家庭的研究理路, 深度挖掘马克思关于家庭关系、家庭角色定位、家庭历史演变等问题的阐述, 充分探讨各流派对马克思家庭思想的争论, 理性总结马克思家庭思想对马克思主义理论的研究价值以及当代中国家庭建设的现实意义。
●
相关链接 在E读中查询图书 在五车中查询图书 在当当中查询图书 在豆瓣中查询图书


正题名:马克思家庭思想研究     索取号:A811/484         预约/预借

序号 登录号 条形码 馆藏地/架位号 状态 备注
1 1403275   214032759   第一样本阅览室/ [索取号:A811/484] 在馆    
2 1403276   214032768   第一借阅区/ [索取号:A811/484] 在馆    
3 1403277   214032777   第一借阅区/ [索取号:A811/484] 在馆    
4 1403278   214032786   第一借阅区/ [索取号:A811/484] 在馆    
5 1403279   214032795   第一借阅区/ [索取号:A811/484] 在馆    
唐山师范学院图书馆 欢迎您!
大连网信软件有限公司© 版权所有